00321nam a2200133Ia 4500008004100000020001500041041001200056082001100068100001500079245003900094260003300133300000900166650001200175221030s9999 xx 000 0 und d a8126511001 aEnglish a105.23 aR. Resnick 0aIntroduction to Special Relativity bWilley Pub.aNew Delhic2007 a2007 aPhysics